书目信息 |
| 题名: |
新税收征收管理法知识读本
|
|
| 作者: | 范坚 主编 | |
| 分册: | ||
| 出版信息: | 北京 中国检察出版社 2001.06 |
|
| 页数: | 168页 | |
| 开本: | 19cm | |
| 丛书名: | ||
| 单 册: | ||
| 中图分类: | D922.220.5 | |
| 科图分类: | ||
| 主题词: | 法律--中国 | |
| 电子资源: | ||
| ISBN: | 7-80086-842-7 | |
| 000 | 00632nam0 2200205 450 | |
| 001 | 0737179603 | |
| 005 | 20071215102003.93 | |
| 010 | @a7-80086-842-7@dCNY12.00 | |
| 100 | @a20071215d2001 km y0chiy0120 ea | |
| 101 | 0 | @achi |
| 102 | @aCN@b110000 | |
| 200 | 1 | @a新税收征收管理法知识读本@Axin shui shou zheng shou guan li fa zhi shi du ben@f范坚主编@Ffan jian zhu bian |
| 210 | @a北京@c中国检察出版社@d2001.06 | |
| 215 | @a168页@d19cm | |
| 606 | 0 | @a法律@x中国 |
| 690 | @aD922.220.5@v4 | |
| 701 | 0 | @a范坚@Afan jian@4主编 |
| 801 | 0 | @aCN@b大连网信软件有限公司图书馆@c20071215 |
| 905 | @aBZT@dD922.220.5@e2 | |
| 906 | @dCNY12.00@n0@r1 | |
| 新税收征收管理法知识读本/范坚主编.-北京:中国检察出版社,2001.06 |
| 168页;19cm |
| ISBN 7-80086-842-7:CNY12.00 |
| ● |
| 相关链接 |
|
|
|
正题名:新税收征收管理法知识读本
索取号:D922.220.5/2
 
预约/预借
| 序号 | 登录号 | 条形码 | 馆藏地/架位号 | 状态 | 备注 |
| 1 | 608845 | 2000608845 | 中心书库南/013架A面2层4列/ [索取号:D922.220.5/2] | 在馆 | |
| 2 | 608846 | 2000608846 | 中心书库南/013架A面2层4列/ [索取号:D922.220.5/2] | 在馆 | |
| 3 | 608847 | 2000608847 | 中心书库南/013架A面2层4列/ [索取号:D922.220.5/2] | 在馆 | |
| 4 | 608848 | 2000608848 | 中心书库南/013架A面2层4列/ [索取号:D922.220.5/2] | 在馆 | |
| 5 | 608849 | 2000608849 | 中心书库南/013架A面2层4列/ [索取号:D922.220.5/2] | 在馆 | |
| 6 | 608850 | 2000608850 | 中心书库南/013架A面2层4列/ [索取号:D922.220.5/2] | 在馆 | |
| 7 | 608851 | 2000608851 | 中心书库南/013架A面2层4列/ [索取号:D922.220.5/2] | 在馆 | |
| 8 | 608852 | 2000608852 | 中心书库南/013架A面2层4列/ [索取号:D922.220.5/2] | 在馆 | |
| 9 | 608853 | 2000608853 | 中心书库南/013架A面2层4列/ [索取号:D922.220.5/2] | 在馆 | |
| 10 | 608854 | 2000608854 | 中心书库南/013架A面2层4列/ [索取号:D922.220.5/2] | 在馆 |